000 00920nam a2200265 a 4500
005 20090615114013.0
008 060724s2005 ii b 101 0 eng
010 _aENG-93997
020 _a9780070087750
_c199.00
020 _a007008775X
_c199.00
035 _aEN-77530
037 _bDBAD / PUB
040 _adpl
_bEnglish
082 _a657.42
100 _aMurthy, A.
245 _aCost accounting /
_cby A. Murthy [and] S. Gurusamy
250 _a2nd ed.
260 _aNew Delhi
_bTata McGraw-Hill Publishing
_c2009
270 _a7 West Patel Nagar
_bNew Delhi
_e110008
300 _aVarious pagings
_c23cm(pbk)
650 _aCost accounting
700 _aGurusamy, S.
942 _2ddc
_cEN
_mMUR
_h657.42
999 _c27446
_d27446